La Política comercial de Estados Unidos desde una perspectiva centroamericana /
Guardado en:
| Autor principal: | |
|---|---|
| Formato: | Texto |
| Materias: | |
| Etiquetas: |
Agregar Etiqueta
Sin Etiquetas, Sea el primero en etiquetar este registro!
|
MARC
| LEADER | 00000 a a2200000 04500 | ||
|---|---|---|---|
| 001 | 2530 | ||
| 003 | |||
| 040 | |||
| 100 | |a González, Anabel | ||
| 245 | |a La Política comercial de Estados Unidos desde una perspectiva centroamericana / |c Anabel González | ||
| 650 | |a POLITICA COMERCIAL | ||
| 650 | |a ACUERDOS INTERNACIONALES | ||
| 650 | |a COMERCIO INTERNACIONAL | ||
| 650 | |a ZONAS DE LIBRE COMERCIO | ||
| 650 | |a INVERSIONES EXTRANJERAS | ||
| 773 | |g número 51; páginas 165-174 | ||
| 999 | |c 32446 |d 32446 | ||
